| 000 | 00358cam a2200157ua 4500 | ||
|---|---|---|---|
| 041 |
_aeng _h |
||
| 082 |
_a823.301 _bTHO/DO |
||
| 100 | _aThorpe, E G . | ||
| 245 |
_aDobbo / _cE G Thorpe. _hTextual Documents |
||
| 250 |
_a1 / _b. |
||
| 260 |
_aMumbai : _bOrient-Longman Ltd , _c1966. |
||
| 300 | _a32. | ||
| 504 | _a | ||
| 942 | _cBK | ||
| 999 |
_c2501 _d2501 |
||